• 首页
  • 本馆介绍
  • 公告通知
  • 最新文献
  • 馆藏检索
  • 电子资源
  • 读者导购
  • 参考咨询
  • 我的图书馆
  • 登录
  • 详细信息显示
  • 放入我的书架
  • 预约/预借图书
  • 作者相关作品
  • 分类相关作品
  • 丛书相关作品
  • 出版社相关作品

书目信息

  • 表格格式
  • 工作单格式
  • 卡片格式
题名:
摄影色彩构成
    
 
作者: 张益福 著
分册:  
出版信息: 沈阳   辽宁美术出版社  1995.12
页数: 156页
开本: 32开
丛书名: 北京电影学院图片摄影专业系列教材
单 册:
中图分类: J406
科图分类:
主题词: 摄影艺术--艺术理论
电子资源:
ISBN: 7-5314-1341-8
000 00651nam0 2200217 45
001 0012260869
005 20031219104048.3
010    @a7-5314-1341-8@dCNY28.00
100    @a20001226d1995 km y0chiy0120 ea
101 0  @achi
105    @a z 000yy
200 1  @a摄影色彩构成@AShe Ying Se Cai Gou Cheng@f张益福著@FZhang Yi Fu Zhu
210    @a沈阳@c辽宁美术出版社@d1995.12
215    @a156页@c彩图@d32开
225    @a北京电影学院图片摄影专业系列教材
410    @12001 @a北京电影学院图片摄影专业系列教材
606 0  @a摄影艺术@x艺术理论
690    @aJ406@v1
701  0 @a张益福@4著
801    @aCN@bTSTC@c20001226
905    @b294338-342@dJ406@e118@f5
    
    摄影色彩构成/张益福著.-沈阳:辽宁美术出版社,1995.12
    156页:彩图;32开.-(北京电影学院图片摄影专业系列教材)
    
    
    ISBN 7-5314-1341-8:CNY28.00
    
●
相关链接 在E读中查询图书 在五车中查询图书 在当当中查询图书 在豆瓣中查询图书


正题名:摄影色彩构成     索取号:J406/118         预约/预借

序号 登录号 条形码 馆藏地/架位号 状态 备注
1 0294338   002943382   第一借阅区/ [索取号:J406/118] 在馆    
2 0294339   002943391   第一借阅区/ [索取号:J406/118] 在馆    
3 0294340   002943408   第一借阅区/ [索取号:J406/118] 在馆    
4 0294341   002943417   第一借阅区/ [索取号:J406/118] 在馆    
5 0294342   002943426   第一样本阅览室/ [索取号:J406/118] 在馆    
唐山师范学院图书馆 欢迎您!
大连网信软件有限公司© 版权所有